General Knowledge Question - Statistics

General Stats
  • This quiz has been taken 15 times
  • The average score is 13 of 30
Answer Stats
Question Answer % Correct
How many stripes are found on the US flag? 13
86%
How many colors are there in a rainbow? 7
86%
What is the tallest mountain in the world? Mount Everest
86%
What is the largest state in the United States? Alaska
79%
In soccer, how many players are on the field for each team? 11
71%
A majority of adults have how many permanent teeth? 32
71%
How many keys does a classic piano have? 88
71%
What car company makes the Mustang? Ford
71%
Which of the six main characters on the TV show “Friends” never got married? Joey
71%
What was the title of Taylor Swift's first album? Taylor Swift
64%
What year did the Great Fire of London occur? 1666
57%
Which city is “101 Dalmatians” set in? London
57%
How many yards are in a mile? 1760
50%
What year was the first Woodstock music festival held? 1969
50%
Which number does every Major League Baseball player wear on April 15? 42
50%
What year was eBay founded? 1995
36%
How many gold medals did Michael Phelps win? 23
36%
Who won the first Super Bowl? Green Bay Packers
36%
What year was the Eiffel Tower built? 1889
29%
In what year was the first iPhone released? 2007
29%
Who was the first member of The Beatles to be married? John Lennon
29%
Roughly how many miles per hour does the earth spin? 100
21%
How many pounds of curly fries does Arby’s sell in a year? 100 Million
14%
How long was the War of 1812? 2 years and 8 months
14%
How many eyes does a bee have? 5
14%
Who was the 25th President of the United States of America? William McKinley
14%
How many legs does a lobster have? 10
7%
When was Diet Coke unveiled to the U.S. public? 1982
7%
How many points did Michael Jordan score in his career? 32,292
7%
What percentage of the Earth’s wildlife is found in the ocean? 94
7%
No matching quizzes found
Score Distribution
Percent of People with Each Score
Percentile by Number Answered
Your Score History
You have not taken this quiz